00000000nam##2200000za#4500
0019.646335
003CaOODSP
00520210511115006
007ta
008150407|1996||||xxc|||||     f|0| 0 eng|d
040 |aCaOODSP|beng
043 |an-cn---
0861 |aRG42-6/1996E
1102 |aCanadian Intellectual Property Office.
24510|aTrade-marks examination: wares and services manual
260 |aOttawa - Ontario : |bIndustry Canada. |c1996.
300 |ax, 407p. ; |c30 cm.
500 |a"The manual sets out identifications of wares and services which will be accepted by the Trade-marks Branch of the Canadian Intellectual Property Office. Utilizing identification language from the Manual may enable applicants to avoid objections with respect to the wares and/or services identified in their applications for registration."--How to use the Wares and Services Manual.
5203 |aThe manual sets out all the identifications of wares and services which will be accepted by the Trade-marks Branch of the Canadian Intellectual Property Office, including identifications not previously covered. Utilizing identification language from the "Manual" may enable applicants to avoid objections with respect to the wares and/or services identified in their applications for registration.
563 |aBinder
590 |a96-38|b1996-09-20
69007|aTrademarks|2gcpds
77508|tL'examen des marques de commerce: le manuel des marchandises et services |w(CaOODSP)9.679891